[Event "British Columbia op"]
[Site "Richmond CAN"]
[Date "2026.02.14"]
[Round "1.2"]
[White "Mok, Erwin"]
[Black "Doknjas, Neil"]
[Result "0-1"]
[WhiteElo "2067"]
[BlackElo "2391"]
[WhiteFideId "-1"]
[BlackFideId "-1"]
[PlyCount "120"]
[GameId "2286105348882803"]
[EventDate "2026.02.14"]
[EventType "swiss"]
[EventRounds "6"]
[EventCountry "CAN"]
[SourceTitle "DGT"]

1. d4 Nf6 2. c4 e6 3. Nc3 Bb4 4. e3 b6 5. Nge2 Ne4 6. Qc2 Bb7 7. a3 Bxc3+ 8. Nxc3 Nxc3 9. Qxc3 d6 10. b4 Nd7 11. c5 bxc5 12. dxc5 Qf6 13. Qxf6 gxf6 14. cxd6 cxd6 15. Bb2 Ke7 16. f3 Rac8 17. Rc1 Rxc1+ 18. Bxc1 Rc8 19. Kd2 Ne5 20. Bb2 f5 21. Be2 Ng6 22. g3 e5 23. Rc1 Rxc1 24. Kxc1 Nf8 25. Kd2 Ne6 26. f4 f6 27. Bd3 Be4 28. a4 Kd7 29. Bb5+ Bc6 30. Bd3 Be4 31. Bb5+ Kc7 32. Bd3 Kc6 33. Bb5+ Kc7 34. Bd3 Nd8 35. h3 Nc6 36. Bc3 Ne7 37. b5 Nd5 38. Ba5+ Kd7 39. Bc4 Nb6 40. Bb3 Bg2 41. h4 Bd5 42. Bxd5 Nxd5 43. Bc3 Nb6 44. a5 Nc4+ 45. Kd3 Na3 46. b6 axb6 47. a6 Nb5 48. Kc4 Kc6 49. fxe5 fxe5 50. Bb4 d5+ 51. Kb3 h5 52. Be7 e4 53. Bd8 Na7 54. Kb4 Nc8 55. Kc3 Kc5 56. Bf6 Na7 57. Bd8 b5 58. Bc7 Nc6 59. Bb8 Kb6 60. Bc7+ Kc5 0-1

[Event "British Columbia op"]
[Site "Richmond CAN"]
[Date "2026.02.14"]
[Round "1.3"]
[White "Cheng, Bindi"]
[Black "Chen, Zhengyu"]
[Result "1-0"]
[WhiteElo "2379"]
[BlackElo "2065"]
[WhiteFideId "-1"]
[BlackFideId "-1"]
[PlyCount "57"]
[GameId "2286105348882804"]
[EventDate "2026.02.14"]
[EventType "swiss"]
[EventRounds "6"]
[EventCountry "CAN"]
[SourceTitle "DGT"]

{[%evp 0,57,35,23,22,-4,-3,-14,-22,-25,10,-14,0,-26,-16,-21,3,-14,-18,-18,-18,-13,-37,-46,-18,-14,0,-37,13,21,-2,9,10,0,1,-39,-27,-24,37,36,5,5,21,3,48,58,56,48,128,69,144,119,99,127,157,177,150,165,192,181]} 1. Nf3 d5 2. c4 e6 3. g3 Nf6 4. Bg2 Be7 5. O-O O-O 6. Qc2 a6 7. b3 d4 8. e3 c5 9. exd4 cxd4 10. d3 Nc6 11. Re1 Re8 12. a3 a5 13. Bf4 Bd6 14. Ne5 Nxe5 15. Bxe5 Bxe5 16. Rxe5 Qc7 17. Rb5 Ra7 18. b4 a4 19. Nd2 Bd7 20. Rc5 Qd6 21. Re1 Bc6 22. Ne4 Nxe4 23. Bxe4 e5 24. Qe2 f6 25. Bd5+ Bxd5 26. Rxd5 Qe7 27. Rxd4 b6 28. Re4 Rd7 29. d4 1-0

[Event "British Columbia op"]
[Site "Richmond CAN"]
[Date "2026.02.14"]
[Round "1.4"]
[White "Rathburn, Lia"]
[Black "Yang, Jingyun (Ryan)"]
[Result "1-0"]
[WhiteElo "2057"]
[BlackElo "2374"]
[WhiteFideId "-1"]
[BlackFideId "-1"]
[PlyCount "95"]
[GameId "2286105348882805"]
[EventDate "2026.02.14"]
[EventType "swiss"]
[EventRounds "6"]
[EventCountry "CAN"]
[SourceTitle "DGT"]

1. g3 e5 2. Bg2 d5 3. d3 Nc6 4. Nc3 Be6 5. e4 d4 6. Nce2 f6 7. f4 Qd7 8. Nf3 h6 9. h4 Rd8 10. f5 Bf7 11. g4 Bb4+ 12. Kf2 Nge7 13. g5 g6 14. fxg6 Bxg6 15. h5 Bf7 16. g6 Be6 17. Ng3 f5 18. exf5 Nxf5 19. Nxf5 Bxf5 20. Qe2 Bg4 21. Qe4 Bf5 22. Qh4 Be7 23. Qg3 Bf6 24. Bd2 Bg7 25. Rae1 O-O 26. Kg1 Rde8 27. Nh4 Be6 28. Bh3 Qd5 29. b3 Bxh3 30. Rxh3 Qc5 31. Rh2 Re6 32. Qh3 Ref6 33. Rhe2 e4 34. Rxe4 Qxh5 35. Qg3 Rf2 36. Bf4 Rxc2 37. Re8 Rc5 38. Qh3 Qd5 39. Qc8 Nd8 40. Rxf8+ Kxf8 41. Nf5 Rc6 42. Ne7 Rxg6+ 43. Nxg6+ Kf7 44. Re7+ Kf6 45. Be5+ Kg5 46. Rxg7 Qa5 47. Nf4+ Kh4 48. Rg4# 1-0

[Event "British Columbia op"]
[Site "Richmond CAN"]
[Date "2026.02.14"]
[Round "1.5"]
[White "Nyamdorj, Davaa-Ochir"]
[Black "Xu, Joey"]
[Result "1-0"]
[WhiteElo "2293"]
[BlackElo "2044"]
[WhiteFideId "-1"]
[BlackFideId "-1"]
[PlyCount "57"]
[GameId "2286105348944246"]
[EventDate "2026.02.14"]
[EventType "swiss"]
[EventRounds "6"]
[EventCountry "CAN"]
[SourceTitle "DGT"]

1. e4 e6 2. d4 d5 3. Nc3 Nf6 4. e5 Nfd7 5. f4 c5 6. Nf3 Nc6 7. Be3 Qb6 8. Na4 Qa5+ 9. c3 b6 10. Be2 Ba6 11. Bxa6 Qxa6 12. Kf2 Be7 13. b3 cxd4 14. Nxd4 b5 15. Qe2 Rb8 16. Rhc1 Qb7 17. Nb2 Nc5 18. Kg1 O-O 19. Nd3 Rfc8 20. Nf2 a5 21. Rab1 b4 22. c4 Rd8 23. Nxc6 Qxc6 24. cxd5 Qxd5 25. Rc4 Nd7 26. Qc2 Nb6 27. Rc7 Re8 28. Bxb6 Rxb6 29. Rxe7 1-0

[Event "British Columbia op"]
[Site "Richmond CAN"]
[Date "2026.02.14"]
[Round "2.1"]
[White "Yang, Bohan (Henry)"]
[Black "Doknjas, John"]
[Result "0-1"]
[WhiteElo "2225"]
[BlackElo "2393"]
[WhiteFideId "-1"]
[BlackFideId "-1"]
[PlyCount "74"]
[GameId "2286105348944247"]
[EventDate "2026.02.14"]
[EventType "swiss"]
[EventRounds "6"]
[EventCountry "CAN"]
[SourceTitle "DGT"]

1. d4 Nf6 2. Nf3 g6 3. Nc3 d5 4. Bf4 a6 5. e3 Bg7 6. h3 b5 7. Ne5 Bb7 8. Be2 Nbd7 9. O-O O-O 10. b4 Ne4 11. Nxe4 dxe4 12. Nxd7 Qxd7 13. c4 f6 14. a4 bxa4 15. Qxa4 Qd8 16. Qb3 g5 17. Bh2 f5 18. Ra5 f4 19. Bg4 h6 20. c5+ Kh8 21. Qe6 h5 22. Bxh5 Rf6 23. Qg4 Bh6 24. exf4 gxf4 25. c6 Bxc6 26. d5 Bxd5 27. Rd1 c6 28. Qe2 Qb6 29. Qb2 Bg7 30. Bg4 e3 31. Qe5 exf2+ 32. Kh1 Qe3 33. Qxe3 fxe3 34. Be2 Rg6 35. Raxd5 cxd5 36. Rxd5 Rc8 37. Rd1 Rgc6 0-1

[Event "British Columbia op"]
[Site "Richmond CAN"]
[Date "2026.02.14"]
[Round "2.3"]
[White "Jiang, Kate"]
[Black "Cheng, Bindi"]
[Result "1/2-1/2"]
[WhiteElo "2212"]
[BlackElo "2379"]
[WhiteFideId "-1"]
[BlackFideId "-1"]
[PlyCount "77"]
[GameId "2286105348944248"]
[EventDate "2026.02.14"]
[EventType "swiss"]
[EventRounds "6"]
[EventCountry "CAN"]
[SourceTitle "DGT"]

1. e4 c5 2. Nf3 e6 3. c3 Nf6 4. Bd3 Nc6 5. Bc2 b6 6. O-O Ba6 7. Re1 Rc8 8. a3 c4 9. d4 cxd3 10. Bxd3 Bxd3 11. Qxd3 Qc7 12. Nbd2 Ng4 13. Nc4 Bc5 14. Be3 Nxe3 15. Nxe3 O-O 16. Rad1 Rfd8 17. Qe2 Be7 18. Nd5 exd5 19. exd5 Bf8 20. dxc6 dxc6 21. Qc4 b5 22. Qe4 h6 23. Rxd8 Rxd8 24. Nd4 Rc8 25. Nf5 Rd8 26. Nd4 c5 27. Nf3 a5 28. c4 Qb6 29. Ne5 Bd6 30. Qc6 Qa7 31. g3 Bxe5 32. Rxe5 bxc4 33. Rxc5 Qe7 34. Rxc4 Qe2 35. Rc1 Qxb2 36. a4 g6 37. Re1 Kg7 38. Qc5 Qd2 39. Qe5+ 1/2-1/2

[Event "British Columbia op"]
[Site "Richmond CAN"]
[Date "2026.02.14"]
[Round "2.4"]
[White "Taylor, Ashton"]
[Black "Nyamdorj, Davaa-Ochir"]
[Result "0-1"]
[WhiteElo "2159"]
[BlackElo "2293"]
[WhiteFideId "-1"]
[BlackFideId "-1"]
[PlyCount "116"]
[GameId "2286105348944249"]
[EventDate "2026.02.14"]
[EventType "swiss"]
[EventRounds "6"]
[EventCountry "CAN"]
[SourceTitle "DGT"]

1. Nf3 Nf6 2. c4 e6 3. g3 d5 4. Bg2 d4 5. e3 c5 6. exd4 cxd4 7. d3 Nc6 8. O-O Bd6 9. b4 Bxb4 10. Ba3 Qd6 11. Bxb4 Qxb4 12. Nbd2 Qd6 13. Rc1 O-O 14. c5 Qc7 15. Nc4 e5 16. Re1 Re8 17. Qa4 Bf5 18. Rcd1 Rad8 19. Nd6 Rxd6 20. cxd6 Qxd6 21. Ng5 h6 22. Ne4 Nxe4 23. Bxe4 Bxe4 24. Rxe4 f5 25. Re2 Kh7 26. Rde1 Re7 27. f3 Nb4 28. Qb3 Nd5 29. Qa4 a6 30. Qc2 Nc3 31. Rd2 b5 32. Rf2 b4 33. Qb3 a5 34. Kg2 a4 35. Qb2 Qc5 36. f4 e4 37. dxe4 fxe4 38. f5 e3 39. f6 Qd5+ 40. Rf3 gxf6 41. Qxb4 Qe4 42. Rexe3 dxe3 43. Qxc3 e2 44. Qe1 Rc7 45. Kf2 Qd4+ 46. Re3 Rc2 47. Kf3 Qd5+ 48. Kf2 Qf5+ 49. Rf3 Qc5+ 50. Kg2 Rc1 51. Qxe2 Rc2 52. Rf2 Rxe2 53. Rxe2 Kg6 54. Rf2 Qc4 55. h4 h5 56. Kg1 a3 57. Kg2 Qd3 58. Rf3 Qd5 0-1

[Event "British Columbia op"]
[Site "Richmond CAN"]
[Date "2026.02.14"]
[Round "2.5"]
[White "Yao, Lucas"]
[Black "Chen, Yidong"]
[Result "0-1"]
[WhiteElo "2116"]
[BlackElo "2256"]
[WhiteFideId "-1"]
[BlackFideId "-1"]
[PlyCount "100"]
[GameId "2286105348944250"]
[EventDate "2026.02.14"]
[EventType "swiss"]
[EventRounds "6"]
[EventCountry "CAN"]
[SourceTitle "DGT"]

1. e4 c5 2. Nf3 d6 3. d4 cxd4 4. Nxd4 Nf6 5. Bd3 Nc6 6. Nxc6 bxc6 7. b3 g6 8. Bb2 Bg7 9. O-O O-O 10. Re1 Qb6 11. Nc3 Ng4 12. Qe2 Qa5 13. h3 Nxf2 14. Qxf2 Bxc3 15. Bxc3 Qxc3 16. Rad1 Be6 17. Kh1 Qe5 18. Qh4 Rfe8 19. Qh6 a5 20. a4 Rec8 21. Rf1 c5 22. Rf4 Qg7 23. Qg5 Qe5 24. Qh6 g5 25. Rf2 Kh8 26. Rdf1 Rg8 27. Qh5 Rg7 28. Rf5 Bxf5 29. Rxf5 Qa1+ 30. Rf1 Qe5 31. Rf5 Qd4 32. e5 Qh4 33. Qf3 Rag8 34. g4 e6 35. Rxf7 Rxf7 36. Qxf7 Qxh3+ 37. Kg1 Qxg4+ 38. Kh1 Qh4+ 39. Kg1 g4 40. Bxh7 Rg7 41. Qxe6 g3 42. Qc8+ Kxh7 43. Qf5+ Kh8 44. Qf8+ Rg8 45. Qf6+ Qxf6 46. exf6 Rg5 47. Kg2 Kg8 48. c3 Kf7 49. b4 cxb4 50. cxb4 axb4 0-1

[Event "British Columbia op"]
[Site "Richmond CAN"]
[Date "2026.02.15"]
[Round "3.1"]
[White "Doknjas, John"]
[Black "Chen, Yidong"]
[Result "1/2-1/2"]
[WhiteElo "2393"]
[BlackElo "2256"]
[WhiteFideId "-1"]
[BlackFideId "-1"]
[PlyCount "63"]
[GameId "2286105348944251"]
[EventDate "2026.02.14"]
[EventType "swiss"]
[EventRounds "6"]
[EventCountry "CAN"]
[SourceTitle "DGT"]

1. d4 Nf6 2. c4 g6 3. Nf3 Bg7 4. g3 c6 5. Bg2 O-O 6. O-O d5 7. cxd5 cxd5 8. Nc3 Nc6 9. Ne5 Bf5 10. Be3 Ne4 11. Nxc6 bxc6 12. Nxe4 Bxe4 13. Bxe4 dxe4 14. Qa4 Qd5 15. Rfc1 Qb5 16. Qxb5 cxb5 17. Rc7 e6 18. a4 bxa4 19. Rxa4 h5 20. Bd2 Rac8 21. Rc5 Rxc5 22. dxc5 Bxb2 23. Rxa7 Rc8 24. Bb4 Bd4 25. Ra5 Kg7 26. e3 Rb8 27. Ba3 Bb2 28. Kf1 Bxa3 29. Rxa3 Rb1+ 30. Ke2 Rc1 31. Ra5 Kf6 32. Kd2 1/2-1/2

[Event "British Columbia op"]
[Site "Richmond CAN"]
[Date "2026.02.15"]
[Round "3.2"]
[White "Qu, Leo"]
[Black "Doknjas, Neil"]
[Result "1/2-1/2"]
[WhiteElo "2236"]
[BlackElo "2391"]
[WhiteFideId "-1"]
[BlackFideId "-1"]
[PlyCount "126"]
[GameId "2286105348944252"]
[EventDate "2026.02.14"]
[EventType "swiss"]
[EventRounds "6"]
[EventCountry "CAN"]
[SourceTitle "DGT"]

1. d4 e6 2. c4 Nf6 3. Nf3 Bb4+ 4. Bd2 Qe7 5. e3 b6 6. Bd3 Bb7 7. O-O O-O 8. a3 Bxd2 9. Nfxd2 c5 10. dxc5 Qxc5 11. Nc3 Nc6 12. b4 Qe7 13. Nf3 Rfd8 14. Qb1 h6 15. Rd1 d6 16. Qb3 Rac8 17. Rac1 Ng4 18. h3 Nge5 19. Be2 Ng6 20. Nb5 a6 21. Nbd4 Nce5 22. Ne1 Nh4 23. f4 Nd7 24. Nef3 Nxf3+ 25. Bxf3 Nf6 26. Bxb7 Qxb7 27. b5 axb5 28. cxb5 Rxc1 29. Rxc1 Qd5 30. Qxd5 Nxd5 31. Rc6 Rb8 32. Kf2 e5 33. fxe5 dxe5 34. Nf5 Ra8 35. Rd6 Nc3 36. Rxb6 Rxa3 37. Rb8+ Kh7 38. b6 Rb3 39. Nd6 Na4 40. b7 Nc5 41. Nxf7 Nxb7 42. Nxe5 Rb5 43. Nf3 Kg6 44. g4 Nd6 45. Rxb5 Nxb5 46. Kg3 Kf6 47. Kf4 Nc7 48. e4 Ne6+ 49. Ke3 g5 50. e5+ Kg6 51. Ke4 h5 52. gxh5+ Kxh5 53. Kf5 Ng7+ 54. Kf6 Ne8+ 55. Ke7 Nc7 56. Kd7 Nd5 57. Ke6 Ne3 58. Kf7 g4 59. hxg4+ Kxg4 60. e6 Kxf3 61. Kf6 Ke4 62. e7 Nd5+ 63. Kg5 Nxe7 1/2-1/2

[Event "British Columbia op"]
[Site "Richmond CAN"]
[Date "2026.02.15"]
[Round "3.3"]
[White "Nyamdorj, Davaa-Ochir"]
[Black "Lu, Karson"]
[Result "1-0"]
[WhiteElo "2293"]
[BlackElo "2031"]
[WhiteFideId "-1"]
[BlackFideId "-1"]
[PlyCount "99"]
[GameId "2286105348944253"]
[EventDate "2026.02.14"]
[EventType "swiss"]
[EventRounds "6"]
[EventCountry "CAN"]
[SourceTitle "DGT"]

1. e4 e5 2. Nf3 Nc6 3. Bb5 a6 4. Ba4 Nf6 5. d3 d6 6. c3 Bd7 7. O-O g6 8. Re1 Bg7 9. Nbd2 O-O 10. Nf1 b5 11. Bc2 d5 12. Bg5 dxe4 13. dxe4 Be6 14. Qc1 Qe7 15. h3 Qc5 16. Be3 Qe7 17. Ng5 Nd7 18. Nh2 Kh8 19. Nxe6 Qxe6 20. Bb3 Qe8 21. Bd5 Na5 22. Bxa8 Qxa8 23. Bh6 f5 24. exf5 Bxh6 25. Qxh6 Rxf5 26. Rad1 Qc6 27. Ng4 Nc4 28. b3 Rh5 29. Qc1 Nd6 30. c4 Rf5 31. cxb5 Qxc1 32. Rxc1 Nxb5 33. a4 Nd4 34. Rxc7 Rf7 35. Nxe5 Nxe5 36. Rc8+ Kg7 37. Rxe5 Nxb3 38. Ra8 Rc7 39. Rxa6 Rc1+ 40. Kh2 Nd2 41. h4 Rc4 42. Re7+ Kh6 43. g3 Nf3+ 44. Kg2 Nd4 45. Raa7 Kh5 46. Kh3 g5 47. g4+ Kg6 48. Ra6+ Nc6 49. Re6+ Kf7 50. Rexc6 1-0

[Event "British Columbia op"]
[Site "Richmond CAN"]
[Date "2026.02.15"]
[Round "3.5"]
[White "Wang, Ted"]
[Black "Pacheco-Vega, Sigfrido"]
[Result "1-0"]
[WhiteElo "2248"]
[BlackElo "2184"]
[WhiteFideId "-1"]
[BlackFideId "-1"]
[PlyCount "51"]
[GameId "2286105348944254"]
[EventDate "2026.02.14"]
[EventType "swiss"]
[EventRounds "6"]
[EventCountry "CAN"]
[SourceTitle "DGT"]

1. e4 c5 2. Nf3 d6 3. d4 cxd4 4. Nxd4 Nf6 5. Nc3 g6 6. Be3 Bg7 7. f3 Nc6 8. Qd2 O-O 9. O-O-O Nxd4 10. Bxd4 Be6 11. h4 Qa5 12. Kb1 Rfc8 13. a3 Rab8 14. h5 b5 15. hxg6 hxg6 16. Bxf6 exf6 17. Nd5 Qd8 18. g4 a5 19. Nf4 Rc6 20. Bd3 b4 21. a4 f5 22. exf5 Qf6 23. Qc1 Bc4 24. Bxc4 Rc5 25. Bd5 Rxd5 26. Nxd5 1-0

[Event "British Columbia op"]
[Site "Richmond CAN"]
[Date "2026.02.15"]
[Round "4.1"]
[White "Doknjas, John"]
[Black "Nyamdorj, Davaa-Ochir"]
[Result "1/2-1/2"]
[WhiteElo "2393"]
[BlackElo "2293"]
[WhiteFideId "-1"]
[BlackFideId "-1"]
[PlyCount "40"]
[GameId "2286105348944255"]
[EventDate "2026.02.14"]
[EventType "swiss"]
[EventRounds "6"]
[EventCountry "CAN"]
[SourceTitle "DGT"]

1. d4 Nf6 2. c4 e6 3. Nc3 d5 4. cxd5 exd5 5. Bg5 Nbd7 6. e3 c6 7. Bd3 Be7 8. Nge2 Nh5 9. Bxe7 Qxe7 10. O-O O-O 11. Qb1 g6 12. b4 Ndf6 13. b5 c5 14. dxc5 Qxc5 15. a3 Be6 16. Qb4 Qc7 17. h3 Rfc8 18. Bc2 Qd7 19. Bb3 Bxh3 20. f3 Bf5 1/2-1/2

[Event "British Columbia op"]
[Site "Richmond CAN"]
[Date "2026.02.15"]
[Round "4.2"]
[White "Doknjas, Neil"]
[Black "Wang, Ted"]
[Result "1-0"]
[WhiteElo "2391"]
[BlackElo "2248"]
[WhiteFideId "-1"]
[BlackFideId "-1"]
[PlyCount "143"]
[GameId "2286105348944256"]
[EventDate "2026.02.14"]
[EventType "swiss"]
[EventRounds "6"]
[EventCountry "CAN"]
[SourceTitle "DGT"]

1. c4 Nf6 2. Nc3 g6 3. d4 Bg7 4. e4 d6 5. Be2 O-O 6. h4 c5 7. d5 e6 8. h5 exd5 9. h6 Bh8 10. exd5 Re8 11. Kf1 a6 12. a4 Nbd7 13. Nf3 Ne5 14. Ng5 Bg4 15. f3 Bd7 16. g3 Rb8 17. Rh4 b5 18. cxb5 axb5 19. Nxb5 c4 20. Nxd6 Bxa4 21. Rxa4 Qxd6 22. Ne4 Qd7 23. Nc3 Qf5 24. Kg2 Nd3 25. Raxc4 Nxc1 26. Qxc1 Nxd5 27. Rhe4 Nxc3 28. bxc3 Bf6 29. Qe3 Red8 30. Rc5 Qd7 31. Qf4 Rb6 32. Rc7 Qf5 33. Qe3 Rbb8 34. g4 Qa5 35. Rb7 Rbc8 36. Bc4 Qxc3 37. Qxc3 Bxc3 38. Bxf7+ Kh8 39. Bc4 Bf6 40. f4 Rd4 41. Rxd4 Bxd4 42. Be6 Rf8 43. Kf3 Bf6 44. Ke4 Bc3 45. Bf7 Rd8 46. Rc7 Bb2 47. Be6 Rd4+ 48. Ke3 Rd8 49. Bd7 Rf8 50. Ke4 Bf6 51. Rc6 Bh4 52. g5 Be1 53. f5 gxf5+ 54. Bxf5 Bb4 55. Rc7 Re8+ 56. Kd5 Be7 57. Kc6 Kg8 58. Bd7 Rd8 59. Be6+ Kf8 60. g6 hxg6 61. h7 Kg7 62. Rxe7+ Kh8 63. Bd7 g5 64. Kd6 g4 65. Re4 Rf8 66. Rxg4 Rf1 67. Ke5 Re1+ 68. Kf6 Rd1 69. Be6 Rc1 70. Rg8+ Kxh7 71. Rd8 Rc6 72. Rd1 1-0

[Event "British Columbia op"]
[Site "Richmond CAN"]
[Date "2026.02.15"]
[Round "4.3"]
[White "Chen, Yidong"]
[Black "Qu, Leo"]
[Result "0-1"]
[WhiteElo "2256"]
[BlackElo "2236"]
[WhiteFideId "-1"]
[BlackFideId "-1"]
[PlyCount "84"]
[GameId "2286105348944257"]
[EventDate "2026.02.14"]
[EventType "swiss"]
[EventRounds "6"]
[EventCountry "CAN"]
[SourceTitle "DGT"]

1. e4 c6 2. d4 d5 3. e5 Bf5 4. Nf3 e6 5. Be2 c5 6. Be3 cxd4 7. Nxd4 Ne7 8. c4 Nbc6 9. Qa4 a6 10. Nc3 dxc4 11. O-O-O Qa5 12. Qxa5 Nxa5 13. Nxf5 Nxf5 14. Bb6 Nc6 15. f4 g5 16. Ne4 Be7 17. Nd6+ Bxd6 18. exd6 gxf4 19. d7+ Ke7 20. Bf3 e5 21. Bxc6 bxc6 22. d8=Q+ Raxd8 23. Bxd8+ Rxd8 24. Rxd8 Kxd8 25. Kd2 Ke7 26. Rc1 Nd6 27. Ke2 Ke6 28. Rc3 e4 29. a4 h6 30. Ke1 Ke5 31. Rh3 Nf5 32. a5 e3 33. Ke2 Ke4 34. Rh5 Nd4+ 35. Kf1 Kd3 36. Re5 f3 37. gxf3 Nxf3 38. Re7 f5 39. Rd7+ Nd4 40. h4 c5 41. h5 f4 42. Rd6 Kd2 0-1

[Event "British Columbia op"]
[Site "Richmond CAN"]
[Date "2026.02.15"]
[Round "4.4"]
[White "Liu, Zachary"]
[Black "Aljo, Johan"]
[Result "1-0"]
[WhiteElo "2249"]
[BlackElo "2209"]
[WhiteFideId "-1"]
[BlackFideId "-1"]
[PlyCount "23"]
[GameId "2286105348944258"]
[EventDate "2026.02.14"]
[EventType "swiss"]
[EventRounds "6"]
[EventCountry "CAN"]
[SourceTitle "DGT"]

1. e4 c5 2. c3 Nf6 3. e5 Nd5 4. Nf3 e6 5. d4 cxd4 6. cxd4 b6 7. Bc4 Bb7 8. O-O d6 9. Qe2 Be7 10. Nc3 Nxc3 11. bxc3 O-O 12. Bf4 1-0

[Event "British Columbia op"]
[Site "Richmond CAN"]
[Date "2026.02.15"]
[Round "4.5"]
[White "Musakhanyan, Viktor"]
[Black "Cheng, Bindi"]
[Result "0-1"]
[WhiteElo "2147"]
[BlackElo "2379"]
[WhiteFideId "-1"]
[BlackFideId "-1"]
[PlyCount "98"]
[GameId "2286105348944259"]
[EventDate "2026.02.14"]
[EventType "swiss"]
[EventRounds "6"]
[EventCountry "CAN"]
[SourceTitle "DGT"]

1. e4 c5 2. Nc3 g6 3. d4 cxd4 4. Qxd4 Nf6 5. Bb5 Nc6 6. Bxc6 dxc6 7. Qxd8+ Kxd8 8. f3 b6 9. Nge2 Bg7 10. Be3 e5 11. O-O-O+ Ke7 12. a4 Rd8 13. Rxd8 Kxd8 14. g3 Kc7 15. h3 Ba6 16. g4 Re8 17. Ng3 Nd7 18. h4 Nf8 19. Nge2 Ne6 20. Ng3 Kc8 21. h5 Bf6 22. Rh2 Nd4 23. Bxd4 exd4 24. Nce2 g5 25. Rh1 Rd8 26. Rd1 c5 27. Rd2 Be5 28. Kd1 Kc7 29. Nf5 Rd7 30. b3 b5 31. axb5 Bxb5 32. Kc1 a5 33. Kd1 a4 34. bxa4 Bxa4 35. Rd3 Kb6 36. Kd2 Bb5 37. Ra3 c4 38. h6 c3+ 39. Ke1 Bxe2 40. Kxe2 d3+ 41. Kd1 dxc2+ 42. Kxc2 Rd2+ 43. Kc1 Re2 44. Ne7 Bf4+ 45. Kd1 Rd2+ 46. Ke1 c2 47. Ra1 Rd7 48. Nd5+ Rxd5 49. exd5 c1=Q+ 0-1

[Event "British Columbia op"]
[Site "Richmond CAN"]
[Date "2026.02.16"]
[Round "5.1"]
[White "Nyamdorj, Davaa-Ochir"]
[Black "Doknjas, Neil"]
[Result "0-1"]
[WhiteElo "2293"]
[BlackElo "2391"]
[WhiteFideId "-1"]
[BlackFideId "-1"]
[PlyCount "120"]
[GameId "2286105348944260"]
[EventDate "2026.02.14"]
[EventType "swiss"]
[EventRounds "6"]
[EventCountry "CAN"]
[SourceTitle "DGT"]

1. e4 c5 2. Nf3 Nc6 3. Bb5 Nf6 4. Nc3 Qc7 5. Bxc6 dxc6 6. h3 e5 7. d3 Be7 8. O-O Nd7 9. Nh2 Nf8 10. f4 exf4 11. Bxf4 Qd8 12. Qh5 Ng6 13. Be3 b6 14. Nf3 O-O 15. e5 Be6 16. Ne4 Bd5 17. Nfg5 h6 18. Nxf7 Bxf7 19. Rxf7 Rxf7 20. Qxg6 Qe8 21. Qg4 Kh7 22. Ng3 Bf8 23. Qe4+ Kg8 24. c3 Qe6 25. d4 Rd8 26. Ne2 Qf5 27. Qxf5 Rxf5 28. Ng3 Rf7 29. Ne4 cxd4 30. cxd4 c5 31. dxc5 Rf5 32. Nd6 Rxe5 33. Bf4 Rd5 34. b4 Rd4 35. Nb7 Rc8 36. Nd6 Bxd6 37. Bxd6 Rxb4 38. cxb6 Rxb6 39. Be5 Rbc6 40. Bf4 Rc4 41. Be3 Ra4 42. a3 Rc3 43. Bc1 Rc2 44. Rb1 a6 45. Rb8+ Kh7 46. Bb2 Rac4 47. Rb7 Rc7 48. Rb6 Rd7 49. Be5 Rdd2 50. Rb7 Rxg2+ 51. Kf1 Rg5 52. Bd4 Rc4 53. Rd7 Ra4 54. Bb2 Rh4 55. Rd3 Rb5 56. Bc1 Rc4 57. Bd2 Rcc5 58. a4 Rf5+ 59. Ke2 Rbe5+ 60. Be3 Rh5 0-1

[Event "British Columbia op"]
[Site "Richmond CAN"]
[Date "2026.02.16"]
[Round "5.2"]
[White "Qu, Leo"]
[Black "Liu, Zachary"]
[Result "1/2-1/2"]
[WhiteElo "2236"]
[BlackElo "2249"]
[WhiteFideId "-1"]
[BlackFideId "-1"]
[PlyCount "36"]
[GameId "2286105348944261"]
[EventDate "2026.02.14"]
[EventType "swiss"]
[EventRounds "6"]
[EventCountry "CAN"]
[SourceTitle "DGT"]

1. d4 Nf6 2. c4 e6 3. Nf3 d5 4. Nc3 Bb4 5. cxd5 exd5 6. Bg5 h6 7. Bh4 g5 8. Bg3 Ne4 9. Qb3 Nc6 10. e3 h5 11. Ne5 Bxc3+ 12. bxc3 h4 13. Nxc6 bxc6 14. Be5 f6 15. f3 fxe5 16. fxe4 O-O 17. Be2 Be6 18. Rf1 Qe7 1/2-1/2

[Event "British Columbia op"]
[Site "Richmond CAN"]
[Date "2026.02.16"]
[Round "5.3"]
[White "Taylor, Tristan"]
[Black "Doknjas, John"]
[Result "0-1"]
[WhiteElo "2220"]
[BlackElo "2393"]
[WhiteFideId "-1"]
[BlackFideId "-1"]
[PlyCount "38"]
[GameId "2286105348944262"]
[EventDate "2026.02.14"]
[EventType "swiss"]
[EventRounds "6"]
[EventCountry "CAN"]
[SourceTitle "DGT"]

1. e4 c5 2. Nf3 d6 3. d4 cxd4 4. Nxd4 Nf6 5. Nc3 a6 6. h3 e6 7. g4 h6 8. Bg2 Be7 9. h4 Nc6 10. g5 hxg5 11. hxg5 Rxh1+ 12. Bxh1 Nh7 13. Nxc6 bxc6 14. Qh5 Nf8 15. Be3 e5 16. O-O-O Be6 17. f4 exf4 18. Bxf4 Ng6 19. Bg3 Rb8 0-1

[Event "British Columbia op"]
[Site "Richmond CAN"]
[Date "2026.02.16"]
[Round "5.4"]
[White "Lu, Aiden Hao-Ting"]
[Black "Yang, Jingyun (Ryan)"]
[Result "0-1"]
[WhiteElo "1972"]
[BlackElo "2374"]
[WhiteFideId "-1"]
[BlackFideId "-1"]
[PlyCount "44"]
[GameId "2286105348944263"]
[EventDate "2026.02.14"]
[EventType "swiss"]
[EventRounds "6"]
[EventCountry "CAN"]
[SourceTitle "DGT"]

1. e4 c5 2. Nf3 e6 3. d4 cxd4 4. Nxd4 Nf6 5. Nc3 Nc6 6. Be3 Bb4 7. Bd3 d5 8. exd5 Nxd5 9. Nde2 Nxe3 10. fxe3 O-O 11. Qd2 Ne5 12. O-O-O Bd7 13. Rhf1 Qc7 14. Rf4 Be7 15. Kb1 Rad8 16. Nd4 Nxd3 17. Qxd3 Bc6 18. Qc4 e5 19. Ndb5 Rxd1+ 20. Nxd1 Qd7 21. Ndc3 exf4 22. exf4 Bxb5 0-1

[Event "British Columbia op"]
[Site "Richmond CAN"]
[Date "2026.02.16"]
[Round "5.5"]
[White "Wang, Ted"]
[Black "Jiang, Kate"]
[Result "1-0"]
[WhiteElo "2248"]
[BlackElo "2212"]
[WhiteFideId "-1"]
[BlackFideId "-1"]
[PlyCount "89"]
[GameId "2286105348944264"]
[EventDate "2026.02.14"]
[EventType "swiss"]
[EventRounds "6"]
[EventCountry "CAN"]
[SourceTitle "DGT"]

1. e4 e5 2. Nf3 Nc6 3. Bb5 a6 4. Ba4 Nf6 5. O-O Be7 6. d3 b5 7. Bb3 d6 8. Bd2 O-O 9. h3 h6 10. Re1 Re8 11. a4 Rb8 12. axb5 axb5 13. Nc3 Bf8 14. Nd5 Be6 15. c4 Bxd5 16. cxd5 Ne7 17. Qc2 Rb7 18. Ra6 Qd7 19. Rc1 Rc8 20. Be3 Qe8 21. d4 Ng6 22. dxe5 Nxe5 23. Nxe5 Qxe5 24. f3 Rbb8 25. Qc3 Qe7 26. Ra7 Ne8 27. Qd2 g5 28. f4 Nf6 29. Bc2 Nxe4 30. Bxe4 Qxe4 31. fxg5 Re8 32. Ra3 Re5 33. Rd1 hxg5 34. Bxg5 Bg7 35. Rg3 Kf8 36. Bh6 Bxh6 37. Qxh6+ Ke7 38. Rf3 Qg6 39. Qc1 Kd8 40. Rdf1 Rxd5 41. Rxf7 Rc5 42. Qe3 Re5 43. Qf3 b4 44. Qc6 Rc5 45. Qd7# 1-0

[Event "British Columbia op"]
[Site "Richmond CAN"]
[Date "2026.02.16"]
[Round "6.1"]
[White "Doknjas, Neil"]
[Black "Doknjas, John"]
[Result "1/2-1/2"]
[WhiteElo "2391"]
[BlackElo "2393"]
[WhiteFideId "-1"]
[BlackFideId "-1"]
[PlyCount "45"]
[GameId "2286105348944265"]
[EventDate "2026.02.14"]
[EventType "swiss"]
[EventRounds "6"]
[EventCountry "CAN"]
[SourceTitle "DGT"]

1. e4 e5 2. Nf3 Nf6 3. Nc3 Nc6 4. d4 exd4 5. Nxd4 Bb4 6. Nxc6 bxc6 7. Bd3 O-O 8. O-O d5 9. Bd2 Bxc3 10. Bxc3 Nxe4 11. Bxe4 dxe4 12. Qh5 Qd5 13. Qh4 Bf5 14. Rfd1 Qe6 15. Qg3 Bg6 16. h4 h5 17. Bd4 Rfd8 18. Qxc7 Rd7 19. Qe5 Qxe5 20. Bxe5 Rad8 21. Rxd7 Rxd7 22. Bf4 a6 23. Be3 1/2-1/2